00617 2200181 4500001002100000005001500021007000300036008004100039020002200080035002000102082001100122084001700133100001600150245009300166260012500259300004200384650000900426INLIS00000000000021520231031082611ta231031 g 0 ind  a978-602-8843-07-2 a0010-1023000151 a633.18 a633.18 SYA v0 aSyahrul Zen1 aVarietas Unggul lokal Padi Sawah Dengan Rasa Pera Spesifik Sumatera Barat /cSyahrul Zen aSumarera Barat :bBadan Penelitian dan Pengembangan Pertanian Balai Pengkajian Teknologi Pertanian Sumatera Barat,c2011 aii, 31 hlm, :bilus, ;c15 cm x 23 cm 4aPadi